000 01416njm a2200313Ia 4500
001 D2708
003 IT-RoPAU
005 20220918181111.0
008 131025s9999 xx 000 0 und d
040 _aIT-RoPAU
040 _cIT-RoPAU
041 _aITALIANO
999 _c99030
_d99030
999 _bn.d.
100 _aParisi Antonio
_928903
100 _eAutore musica
_930778
100 _gCodice autore musica SPICS: 35389
_928905
245 _aO notte gloriosa
250 _a1a ed.
260 _aROMA
260 _bEP - MUSICALI E DISCOGRAFICHE
_c1995 [1a Ed.:1995 - Ed. Lingua Orig.: 1995]
300 _aMUSICASSETTA
300 _c40 minuti (Testo: pag.)
500 _aMusica religiosa, liturgica. Canti per la veglia pasquale.
505 _aIl fuoco della Pasqua - Amen - Cristo luce di Dio - Tuo è il regno - Annuncio pasquale - Agnello di Dio - Manda il tuo Spirito - Cristo nostra Pasqua - Proteggimi o Dio - Questo è il giorno - Cantiamo al Signore - Ti esalto Signore - Attingeremo con gioia - Signore tu hai parole - Ha sete di te Signore - Gloria a Dio - Alleluja celebrate il Signore - Litanie dei santi - Credo - Ecco l'acqua - Santo il Signore - Annunciamo.
650 _aLITURGICO [CASSETTE]
_eCodice MATERIA SPICS: 9951
_95632
700 _aGalliano Annamaria
_eAutore
_gCodice autore SPICS: 5671
_930779
700 _aParisi Antonio
_gCodice interprete SPICS: 35389
_eInterprete
_930780
942 _cMC
_2ddc